000 01086cam a2200229 4500
001 ABS67295
008 031128n2003 000 0 eng u
035 _a(Sirsi) u124530
100 _aBailey, L.
245 _aEnvironmental Hoo-ha
260 _c2003
490 _aArchitects' Journal
_v218(18) 13 November 2003, 44-45(2)
520 _aExamines recent plans to site a new airport at Thames Reach in Kent. Proposals are for a compact, modular airport and integrated transport hub, which compares favourably with alternative schemes being suggested. Sited on the Hoo peninsula, the scheme intends to develop the area in an environmentally friendly manner, with regard to the impacts on the local community. More information on the plans can be viewed at www.bluebase.com/airport.
590 _aABS
650 _aAIRPORT DEVELOPMENT
650 _aENVIRONMENTAL MANAGEMENT
650 _aLONDON
650 _aTRANSPORT PLANNING
690 _aTRANSPORT AND COMMUNICATIONS
856 _ahttp://www.bluebase.com/
_zView the airport plans on the Bluebase website...
942 _n0
999 _c73904
_d73904